| 000 | 00982nam a22003257a 4500 | ||
|---|---|---|---|
| 003 | CHAP | ||
| 005 | 20220329143730.0 | ||
| 008 | 110427s mx r 00010 spa d | ||
| 010 | _a101065 | ||
| 011 | _a102037 | ||
| 035 | _a112725 | ||
| 040 | _cCHAP | ||
| 082 | 0 | 4 |
_a581.634 _bG133 |
| 100 | 1 |
_aGali, Hero _944237 |
|
| 245 | 1 | 0 |
_aHojas que curan _c/por Hero Gali |
| 246 | 3 |
_iHojas curativas : _bcurese con hojas |
|
| 250 | _a2 ed. | ||
| 260 |
_aMéxico, D.F. : _bGomez Gomez Hnos., _c[197?] |
||
| 300 | _a96 p. | ||
| 590 |
_aBATCH-UPD _b10 _c20130110 _lUCH01 _h1138 |
||
| 590 |
_aBATCH-UPD _b10 _c20130410 _lUCH01 _h0724 |
||
| 590 |
_aBATCH-UPD _b10 _c20130914 _lUCH01 _h0744 |
||
| 590 |
_aCONVERSION _b10 _c20130109 _lUCH01 _h1356 |
||
| 650 | 1 | 4 |
_aBotánica médica. _914680 |
| 650 | 1 | 4 |
_aMedicina alternativa. _973914 |
| 650 | 1 | 4 |
_aMedicina tradicional. _973921 |
| 901 | _aBK | ||
| 942 | _cLIBRO | ||
| 949 |
_a581.634 G133 _bBC _cLIBRO _d33724002253827 _eLIBRO _h114795 _i112725 _sb |
||
| 999 |
_c101065 _d101065 |
||